Piłkarze Jagiellonii Białystok - nagła śmierć - Statystyki

Ogólne statystyki
  • Ten quiz został rozwiązany 154 razy
    70 od ostatniego zresetowania
  • Średni wynik to 6 z 20
Answers on the Grid
Answers color-coded by a green-red scale on the quiz's grid according to % correct below.
Kamil Grosicki
Piotr Świerczewski
Israel Puerto
Tomasz Hajto
Maciej Makuszewski
Ireneusz Jeleń
Adrian Siemieniec
Thiago Cionek
Kamil Drygas
Bartosz Bida
Sebastian Mila
Antoni Kozubal
Michał Pazdan
Mariusz Pawełek
Konrad Michalak
Michał Probierz
Radosław Sobolewski
Jakub Słowik
Pavol Staňo
Zoran Arsenić
Bartosz Kopacz
Maciej Gajos:
Michał Miśkiewicz
Damian Kędzior
Rafał Murawski
Marcin Robak
Andrzej Niewulis
Mateusz Wdowiak
Łukasz Sekulski
Jacek Góralski
Tomasz Jodłowiec
Camilo Mena
Bartłomiej Drągowski
Jarosław Bieniuk
Marko Poletanović
Martin Pospíšil
Tymoteusz Puchacz
João Amaral
Mateusz Machaj
Dawid Kownacki
 
Statystyki odpowiedzi
Odpowiedź % Poprawnych
Kamil Grosicki
88%
Israel Puerto
65%
Michał Pazdan
59%
Bartłomiej Drągowski
44%
Bartosz Bida
38%
Martin Pospíšil
38%
Maciej Gajos:
32%
Maciej Makuszewski
32%
Thiago Cionek
32%
Zoran Arsenić
29%
Jacek Góralski
26%
Camilo Mena
24%
Jakub Słowik
21%
Marko Poletanović
21%
Łukasz Sekulski
15%
Damian Kędzior
12%
Pavol Staňo
12%
Andrzej Niewulis
9%
Mariusz Pawełek
9%
Mateusz Machaj
6%
Nie znaleziono quizów pasujących do podanych kryteriów
Rozkład punktacji
Procent ludzi z każdym wynikiem
Percentyl według liczby udzielonych odpowiedzi
Twoja historia wyników
Nie rozwiązałeś tego quizu od ostatniego zresetowania